| 000 | 00446nam a22001697a 4500 | ||
|---|---|---|---|
| 003 | OSt | ||
| 005 | 20151028135102.0 | ||
| 008 | 130921t xxu||||| |||| 00| 0 eng d | ||
| 020 | _a9780721406152 | ||
| 050 |
_aPZ 7 _b.R221 1958 |
||
| 082 |
_aGS 398.21 _bRa18 1958 |
||
| 245 |
_aRead it yourself Rapuzel / _c Fran Hunio |
||
| 260 |
_aUSA : _bLadybird books, _c1958. |
||
| 300 |
_a20 p . ; _bill. ; _c18 cm. |
||
| 942 |
_2lcc _cBK |
||
| 999 |
_c11928 _d11928 |
||